000 00288nam a22001217a 4500
003 OSt
005 20260211123414.0
008 260209b |||||||| |||| 00| 0 eng d
040 _cIPU
082 _a324.6
_bIPU
245 _aPlan of Action for Gender - Sensitive Parliaments
942 _2ddc
_cBK
999 _c4141
_d4141